000 00495nam a2200145 a 4500
008 120416s1961 ||||||||||||||||| || u
050 _aTA 351 Hou
100 _aHousner, George W
245 1 0 _aApplied mechanics statics
250 _a2nd.ed
260 _aPrinceton, N.J.
_bD. Van Nostrand
_c1961
300 _avii, 277p. : ill
350 _a0.00
995 _D0.00
_FCBU-MAIN LIBRARY (Kitwe)
_H1
_I2.00
_M1
_UDAMAGED
_ZMain Library Open Access Collection
999 _c34580
_d34580